[Event "AUTO-MASTER-217"]
[Site "http://www.queenalice.com/game.php?id=240803"]
[Date "2007.7.16"]
[Round "2"]
[White "jarac"]
[Black "mds"]
[Result "1/2-1/2"]
[WhiteElo "2401"]
[BlackElo "2356"]

1. e4 c5 2. d3 g6 3. Nf3 Bg7 4. g3 d6 5. Bg2 Nc6 6. O-O e5 7. c3 Nge7 8. a3 a5
9. a4 O-O 10. Na3 d5 11. exd5 Nxd5 12. Qb3 Nde7 13. Be3 Be6 14. Qb5 b6 15. Nc4
Rb8 16. Ng5 Bd7 17. Qb3 Nf5 18. Bc1 Nce7 19. f4 Bc6 20. Be4 Bd5 21. Nf3 Bxc4 22.
Qxc4 Nd6 23. Qa2 Nxe4 24. dxe4 Qd3 25. fxe5 Qxe4 26. Bg5 Rb7 27. Rae1 Qc6 28.
Qc4 Qe6 29. Nd2 Rd7 30. Qxe6 fxe6 31. Bxe7 Rxf1+ 32. Nxf1 Rxe7 33. Nd2 Rd7 34.
Nc4 Rb7 35. Rd1 Bf8 36. Kf2 Be7 37. Ke3 Kf8 38. b3 h5 39. Kf3 g5 40. g4 h4 41.
Ke4 Kg8 42. Rd3 Kg7 43. h3 Kg8 44. Rd2 Kg7 45. Nd6 Rb8 1/2-1/2

[Event "AUTO-MASTER-217"]
[Site "http://www.queenalice.com/game.php?id=240804"]
[Date "2007.7.16"]
[Round "2"]
[White "mds"]
[Black "jarac"]
[Result "1/2-1/2"]
[WhiteElo "2216"]
[BlackElo "2404"]

1. e4 d5 2. exd5 Nf6 3. Bb5+ Bd7 4. Bc4 Bg4 5. f3 Bf5 6. Nc3 Nbd7 7. d3 Nb6 8.
Nge2 Nfxd5 9. Nxd5 Nxd5 10. Ng3 Bg6 11. f4 e6 12. O-O Qd7 13. Qf3 Bc5+ 14. Kh1
O-O-O 15. Bd2 f5 16. Ne2 Qe8 17. Rae1 Bh5 18. Qg3 Qc6 1/2-1/2

[Event "AUTO-MASTER-217"]
[Site "http://www.queenalice.com/game.php?id=240805"]
[Date "2007.7.16"]
[Round "2"]
[White "jarac"]
[Black "cesarlm"]
[Result "1/2-1/2"]
[WhiteElo "2380"]
[BlackElo "2247"]

1. e4 c5 2. d3 Nc6 3. Nf3 Nf6 4. g3 d5 5. Nbd2 e6 6. Bg2 Be7 7. O-O O-O 8. Re1
Qc7 9. c3 b6 10. e5 Nd7 11. Qe2 b5 12. a4 bxa4 13. Rxa4 a5 14. b3 Ba6 15. Ra1
Rfe8 16. Bb2 Rab8 17. Qe3 Rb6 18. Ba3 h6 19. Kh1 1/2-1/2

[Event "AUTO-MASTER-217"]
[Site "http://www.queenalice.com/game.php?id=240806"]
[Date "2007.7.16"]
[Round "2"]
[White "cesarlm"]
[Black "jarac"]
[Result "0-1"]
[WhiteElo "2243"]
[BlackElo "2396"]

1. c4 Nf6 2. Nc3 e5 3. Nf3 Nc6 4. e4 Bb4 5. d3 d6 6. g3 O-O 7. h3 a6 8. Bg2 b5
9. O-O bxc4 10. Nd5 Bc5 11. Bg5 cxd3 12. Qxd3 Rb8 13. Qe2 Re8 14. Rfc1 Be6 15.
Bxf6 gxf6 16. a3 Nd4 17. Nxd4 Bxd4 18. Rc2 c5 19. Rb1 Bxd5 20. exd5 f5 21. Qxa6
e4 22. Kh1 Qf6 23. b4 f4 24. Rb3 f3 25. Bf1 Qe5 26. Qc4 h5 27. bxc5 Bxc5 28. a4
Rxb3 29. Qxb3 e3 30. fxe3 Qxg3 31. Qb5 Rxe3 32. Qb8+ Kh7 33. Qb1 Re1 34. Rg2+
Rxb1 0-1

[Event "AUTO-ELITE-120"]
[Site "http://www.queenalice.com/game.php?id=243117"]
[Date "2007.7.21"]
[Round "1"]
[White "jarac"]
[Black "marcosnatal"]
[Result "1-0"]
[WhiteElo "2392"]
[BlackElo "2116"]

1. Nf3 d5 2. g3 c6 3. Bg2 Nf6 4. O-O Bg4 5. d4 Nbd7 6. Nbd2 e6 7. Re1 Be7 8. e4
dxe4 9. Nxe4 O-O 10. c3 Nxe4 11. Rxe4 1-0

[Event "AUTO-ELITE-120"]
[Site "http://www.queenalice.com/game.php?id=243118"]
[Date "2007.7.21"]
[Round "1"]
[White "marcosnatal"]
[Black "jarac"]
[Result "0-1"]
[WhiteElo "2139"]
[BlackElo "2406"]

1. d4 Nf6 2. c4 e6 3. Nc3 d5 4. Nf3 Be7 5. e3 O-O 6. Bd3 dxc4 7. Bxc4 c5 8. O-O
a6 9. dxc5 Bxc5 10. Ng5 b5 11. Qf3 Ra7 12. Rd1 Rd7 13. Bb3 Bb7 14. Rxd7 Qxd7 15.
Qf4 Bd6 16. Qh4 h6 0-1

[Event "AUTO-ELITE-120"]
[Site "http://www.queenalice.com/game.php?id=243119"]
[Date "2007.7.21"]
[Round "1"]
[White "jarac"]
[Black "Number9"]
[Result "1-0"]
[WhiteElo "2402"]
[BlackElo "2124"]

1. e4 c6 2. d3 d5 3. Nd2 e5 4. Ngf3 Bd6 5. g3 Nf6 6. Bg2 O-O 7. O-O Re8 8. c4
Na6 9. cxd5 cxd5 10. exd5 Bf5 11. Ne4 Nxe4 12. dxe4 Bxe4 13. Re1 Bf5 14. Nh4 Bd7
15. Be3 f5 16. Nf3 e4 17. Nd2 Rc8 18. Bf1 Qf6 19. Bxa7 b5 20. a4 Nb4 21. axb5
Nc2 22. Ra6 Nxe1 23. Qxe1 Qf8 24. b6 1-0

[Event "AUTO-ELITE-120"]
[Site "http://www.queenalice.com/game.php?id=243120"]
[Date "2007.7.21"]
[Round "1"]
[White "Number9"]
[Black "jarac"]
[Result "0-1"]
[WhiteElo "2244"]
[BlackElo "2384"]

1. d4 Nf6 2. c4 e6 3. Nc3 d5 4. Bg5 Nbd7 5. e3 c6 6. cxd5 exd5 7. Bd3 Be7 8. Qc2
O-O 9. Nf3 Re8 10. O-O Nf8 11. Rab1 Bg4 12. Ne5 Bh5 13. b4 Bd6 14. b5 Bxe5 15.
dxe5 Rxe5 16. Bh4 Bg6 17. bxc6 bxc6 18. Rb2 N8d7 19. Bxg6 hxg6 20. Rfb1 Nb6 21.
Qd3 Qe7 22. Bg3 Re6 23. Bh4 Rd8 24. a4 d4 0-1

[Event "TOP MASTERS QA"]
[Site "http://www.queenalice.com/game.php?id=280092"]
[Date "2007.10.2"]
[Round "2"]
[White "pumamercedino"]
[Black "jarac"]
[Result "0-1"]
[WhiteElo "2144"]
[BlackElo "2407"]

1. d4 Nf6 2. c4 e6 3. Nc3 d5 4. cxd5 exd5 5. Bg5 Nbd7 6. e3 c6 7. Qc2 Be7 8. Bd3
O-O 9. Nge2 Re8 10. O-O Nf8 11. f3 Kh8 12. Rae1 Ne6 13. Bh4 g6 14. Bg3 Nh5 15.
Bf2 a6 16. a3 Bd7 17. Kh1 Bd6 18. e4 Nef4 19. Nxf4 Nxf4 20. Ne2 Nxd3 21. Qxd3
Kg8 22. Bg3 Bxg3 23. Nxg3 c5 24. dxc5 Bb5 25. Qxd5 Bxf1 26. Rxf1 h5 27. Rd1 Qe7
28. Qc4 Rad8 29. Rb1 h4 30. Nf1 h3 31. gxh3 Qe5 32. b4 Rd4 33. Qe2 Red8 34. Rb2
Rd1 35. Kg2 Re1 36. Qxe1 Qxb2+ 37. Kg3 Qxa3 38. e5 a5 39. e6 Qxb4 0-1

[Event "AUTO-ELITE-120"]
[Site "http://www.queenalice.com/game.php?id=302935"]
[Date "2007.11.13"]
[Round "2"]
[White "pumamercedino"]
[Black "jarac"]
[Result "1/2-1/2"]
[WhiteElo "2181"]
[BlackElo "2410"]

1. c4 Nf6 2. Nc3 e6 3. d4 d5 4. cxd5 exd5 5. Bg5 Nbd7 6. e3 c6 7. Qc2 Bd6 8. Bd3
h6 9. Bh4 O-O 10. Nge2 Re8 11. Bg3 Nf8 12. O-O Bg4 13. Bxd6 Qxd6 14. Ng3 h5 15.
h3 Bd7 16. b4 h4 17. Nge2 N8h7 18. Rab1 Ng5 19. b5 Rac8 20. bxc6 Bxc6 21. Rfc1
Nge4 22. Qd1 Nxc3 23. Nxc3 Rc7 24. Nb5 Bxb5 25. Rxc7 Bxd3 26. Rbxb7 Bg6 27. Rxa7
Rb8 28. a4 Qa3 29. Rc1 Kh7 30. Rac7 Rb2 31. Ra1 Rd2 32. Qc1 1/2-1/2

[Event "AUTO-ELITE-120"]
[Site "http://www.queenalice.com/game.php?id=302936"]
[Date "2007.11.13"]
[Round "2"]
[White "jarac"]
[Black "pumamercedino"]
[Result "1-0"]
[WhiteElo "2395"]
[BlackElo "2213"]

1. Nf3 Nf6 2. g3 g6 3. Bg2 Bg7 4. O-O O-O 5. c4 d6 6. d4 Nbd7 7. Nc3 e5 8. dxe5
dxe5 9. Bg5 h6 10. Bxf6 Bxf6 11. Qc2 c6 12. Rfd1 Qe7 13. Nd2 Bg7 14. Nde4 Nc5
15. Nxc5 Qxc5 16. Ne4 Qe7 17. Nd6 Be6 18. c5 f5 19. e3 e4 20. Bf1 Rfd8 21. Bc4
b5 22. Bb3 a5 23. a4 b4 24. Bxe6+ Qxe6 25. Nc4 Rxd1+ 26. Rxd1 Bf8 27. Nb6 Ra7
28. Rd8 Kg7 29. Rc8 h5 30. b3 Be7 31. Kg2 Kh7 32. h4 Qf6 33. Qc4 Bf8 34. Qd4
Qxd4 35. exd4 Bg7 36. d5 cxd5 37. c6 d4 38. c7 d3 39. Rh8+ Bxh8 40. c8=Q Bd4 41.
Nc4 1-0

[Event "AUTO-ELITE-120"]
[Site "http://www.queenalice.com/game.php?id=302937"]
[Date "2007.11.13"]
[Round "2"]
[White "Rusty"]
[Black "jarac"]
[Result "1/2-1/2"]
[WhiteElo "2412"]
[BlackElo "2401"]

1. d4 Nf6 2. c4 e6 3. Nc3 d5 4. Bg5 Nbd7 5. e3 c6 6. cxd5 exd5 7. Qc2 Be7 8. Bd3
O-O 9. Nf3 Re8 10. O-O Nf8 11. Rae1 Bg4 12. Ne5 Bh5 13. Ne2 Bg6 14. Nxg6 hxg6
15. a3 N8h7 16. Bf4 a5 17. Qb3 Qd7 18. f3 a4 19. Qc2 Nf8 20. Be5 Qd8 21. Nc3
N6d7 22. Bg3 Nb6 23. Qe2 Bf6 24. Qf2 Nh7 25. f4 Qd7 26. Qc2 Qd8 27. Rf3 Bh4 28.
Bxh4 Qxh4 29. Ref1 Qe7 30. Rg3 Nf6 31. Rh3 Ng4 32. Rff3 f5 33. Nd1 Rac8 34. Nc3
1/2-1/2

[Event "AUTO-ELITE-120"]
[Site "http://www.queenalice.com/game.php?id=302938"]
[Date "2007.11.13"]
[Round "2"]
[White "jarac"]
[Black "Rusty"]
[Result "0-1"]
[WhiteElo "2405"]
[BlackElo "2396"]

1. Nf3 c5 2. g3 Nc6 3. c4 Nf6 4. Bg2 g6 5. Nc3 Bg7 6. d3 d5 7. cxd5 Nxd5 8. Bd2
O-O 9. Ng5 e6 10. h4 h6 11. Nf3 b6 12. Qc1 Kh7 13. Ne4 Bb7 14. h5 g5 15. Nexg5+
hxg5 16. Nxg5+ Kh8 17. Be4 Qd7 18. h6 Bd4 19. Bc3 f5 20. Bxd5 exd5 21. Qd2 Bxc3
22. bxc3 d4 23. Rh4 Rae8 24. Kf1 Rg8 25. Re1 dxc3 26. Qxc3+ Nd4 27. f4 Re3 0-1

[Event "AUTO-MASTER-215"]
[Site "http://www.queenalice.com/game.php?id=377374"]
[Date "2008.3.26"]
[Round "2"]
[White "NinjaX"]
[Black "jarac"]
[Result "0-1"]
[WhiteElo "2135"]
[BlackElo "2382"]

1. e4 d5 2. exd5 Nf6 3. d4 Bg4 4. f3 Bf5 5. c4 e6 6. Qb3 c5 7. Qxb7 Nbd7 8. dxe6
fxe6 9. g4 Rb8 10. Qc6 Rb6 11. Qa4 Nxg4 12. Ne2 Qh4+ 13. Ng3 Nxh2 14. Kf2 Bd6
15. f4 Rxb2+ 16. Be2 Bxf4 17. Bxf4 Qxf4+ 18. Kg2 Qf3+ 0-1

[Event "AUTO-MASTER-215"]
[Site "http://www.queenalice.com/game.php?id=377375"]
[Date "2008.3.26"]
[Round "2"]
[White "jarac"]
[Black "NinjaX"]
[Result "0-1"]
[WhiteElo "2377"]
[BlackElo "2136"]

1. Nf3 Nc6 2. g3 e5 3. d4 exd4 4. Nxd4 Nf6 5. Bg2 Bc5 6. Nxc6 bxc6 7. O-O O-O 8.
c4 Re8 9. Nc3 Rb8 10. Qc2 Ba6 11. Bg5 h6 12. Ne4 Bd4 13. Bxf6 Bxf6 14. Rab1 Be7
15. Rfd1 Bf8 16. a3 f5 17. Nc3 Bxc4 18. Bxc6 Bb3 19. Bd5+ Bxd5 20. Rxd5 f4 21.
Rbd1 fxg3 22. hxg3 d6 23. b4 Qf6 24. b5 g6 25. R5d3 Rbc8 0-1

[Event "AUTO-MASTER-215"]
[Site "http://www.queenalice.com/game.php?id=377376"]
[Date "2008.3.26"]
[Round "2"]
[White "antonius"]
[Black "jarac"]
[Result "1/2-1/2"]
[WhiteElo "2082"]
[BlackElo "2400"]

1. d4 d5 2. c4 e6 3. Nc3 Nf6 4. Nf3 c6 5. e3 Nbd7 6. Bd3 dxc4 7. Bxc4 b5 8. Bd3
a6 9. e4 c5 10. e5 cxd4 11. Nxb5 axb5 12. exf6 Bb7 13. fxg7 Bxg7 14. O-O Qb6 15.
Bf4 O-O 16. Re1 Bd5 1/2-1/2

[Event "AUTO-MASTER-215"]
[Site "http://www.queenalice.com/game.php?id=377377"]
[Date "2008.3.26"]
[Round "2"]
[White "jarac"]
[Black "antonius"]
[Result "1/2-1/2"]
[WhiteElo "2391"]
[BlackElo "2095"]

1. Nf3 d5 2. g3 Nf6 3. Bg2 c5 4. O-O Nc6 5. d3 e5 6. Nbd2 Be7 7. e4 O-O 8. c3 d4
9. Nc4 Qc7 10. cxd4 cxd4 11. Bg5 h6 12. Bxf6 Bxf6 13. Rc1 Be6 14. a3 a5 15. Qb3
1/2-1/2

[Event "TOP MASTERS QA"]
[Site "http://www.queenalice.com/game.php?id=420817"]
[Date "2008.6.21"]
[Round "3"]
[White "jarac"]
[Black "Alsina"]
[Result "0-1"]
[WhiteElo "2387"]
[BlackElo "2450"]

1. Nf3 Nf6 2. g3 d5 3. Bg2 c6 4. O-O Bg4 5. d3 Nbd7 6. Nbd2 e5 7. h3 Bh5 8. e4
Bd6 9. exd5 cxd5 10. c4 O-O 11. cxd5 Nxd5 12. Qb3 N5b6 13. Ne4 Be7 0-1